| 000 | 01022nam a2200265 a 4500 | ||
|---|---|---|---|
| 001 | BRCA_8075 | ||
| 005 | 20190320210124.0 | ||
| 008 | 030414s1924----mx-a###f##---#001-0#spa-# | ||
| 041 | _aspa | ||
| 044 | _amx | ||
| 050 | 4 |
_aNA5257 _b.C82 1924 |
|
| 100 | 1 |
_aCortés, Antonio _920070 |
|
| 245 | 1 | 0 |
_aÁlbum arquitectura en México _bIglesia de Santo Domingo de la Ciudad de Oaxaca y Capilla del Santo Cristo en Tlacolula, E. de Oaxaca _cAntonio Cortés ; notas históricas de Genaro García. |
| 260 |
_aMéxico _bMuseo Nacional de Arqueología, Historia y Etnología _c1924 |
||
| 300 |
_a16 p. _bil., 41 láminas _c37 cm. |
||
| 500 | _aDedicatoria del autor al señor Franz Mayer | ||
| 500 | _aEstado físico: libro dañado de la cubierta y el lomo | ||
| 500 | _aY104 | ||
| 650 | 1 | 4 |
_aArquitectura religiosa _vCatálogos _zOaxaca, México _920071 |
| 650 | 1 | 4 |
_aArte religioso _zOaxaca, México _920072 |
| 650 | 1 | 4 |
_aIglesias _zOaxaca, México _920073 |
| 700 | 1 |
_aGarcía, Genaro _910197 |
|
| 902 | _aGFM | ||
| 942 |
_2lcc _cB |
||
| 999 |
_c7743 _d7743 |
||